Normal view
MARC view
Entry Personal Name
001 - CONTROL NUMBER
- control field: 24089
003 - CONTROL NUMBER IDENTIFIER
- control field: ARRUPE
005 - DATE AND TIME OF LATEST TRANSACTION
- control field: 20160425101222.0
008 - FIXED-LENGTH DATA ELEMENTS
- fixed length control field: 160425|| aca||aabn | a|a d
040 ## - CATALOGING SOURCE
- Original cataloging agency: ARRUPE
- Transcribing agency: ARRUPE
100 ## - HEADING--PERSONAL NAME
- Personal name: Fletcher, Clarkson H.
670 ## - SOURCE DATA FOUND
- Source citation: Work cat.: (ARRUPE): Fletcher, Clarkson H., Memphis speaks , 1943